Материалы к протоколам №№ 515-520 заседаний Малого Совета Народных Комиссаров за июль 1920 г.

Доступно только в Электронных читальных залах Найти на картеНа карте
RUSMARC
00004202nac2a22003131x 450
001f85643e4-3e80-4f08-9005-db35d73233c0
00520160410155832.0
100##$a20151228l1920 k y0rusy50 ca
1010#$arus
102##$aRU
105##$ay z |||||
1220#$ad19200731
1220#$ad192007
2001#$aМатериалы к протоколам №№ 515-520 заседаний Малого Совета Народных Комиссаров за июль 1920 г.
$jИюль 1920
215##$a175 листов
251##$cДело
300##$aЗаголовок дела на папке: Материалы к протоколам №№ 515-520 заседаний МСНК за июль 1920 г.
300##$aНа папке дела: 10 июля 1920 г. - 25 июля 1920 г.
300##$aЛисты: 60, 61, 62, 70, 71, 99, 105, 106, 107 - малоконтрастные и трудночитаемые
300##$aРукописный и машинописный текст
324##$aВ деле имеются копии отдельных документов
330##$aВходит в раздел описи: I. Секретариат. 1. Протоколы. в/ Материалы к протоколам
461#0$1001ad6baeac-e292-4829-90d1-2f4f65796a62
$12001
$aСОВЕТ НАРОДНЫХ КОМИССАРОВ РСФСР (СНК РСФСР)
$1251
$cФонд
$1852
$j130
$gР
462#0$10017393eac8-aea5-4181-b014-0a5beab45138
$12001
$a1920 г.
$vД. 177
$1251
$cОпись
$1852
$j4
5171#$aМатериалы к протоколам №№ 515-520 заседаний МСНК за июль 1920 г.
60101$3RU\NLR\AUTH\661074810
$aРСФСР
$bСовет Народных Комиссаров
801#0$aRU
$bGA_RF
801#1$aRU
$bНПО Опыт
$c20151228
$2rusmarc
801#2$aRU
$bПБ им. Б.Н. Ельцина
$c20160410
$gRCR
$2rusmarc
852##$aГА РФ
$j177
937##$d70964607
$hПБ
035##$aRuPRLIB51035640
Формат отображения